| 000 | 00884nmc a2200301 a 4500 | ||
|---|---|---|---|
| 003 | AR-BaBNM | ||
| 005 | 20251128204427.0 | ||
| 008 | 087019s1986 ||||||||||||||000 | spa|| | ||
| 020 | _a950-9293-36-9 | ||
| 040 | _cAR-BaBNM | ||
| 100 | 1 | _aAgulla, Juan Carlos | |
| 245 | 1 | 0 | _aNivel cuaternario y sistema educativo |
| 260 |
_aBuenos Aires _bDocencia _c1986 |
||
| 300 | 0 |
_a44 p. _btablas |
|
| 490 | 0 |
_aCongreso pedagógico. Compromiso y creatividad _vv. 16 |
|
| 650 | 4 | _aORGANIZACION DE LA EDUCACION | |
| 650 | 4 | _aNIVELES ACADEMICOS | |
| 650 | 4 | _aREFORMA DE LA EDUCACION | |
| 650 | 4 | _aEDUCACION NO FORMAL | |
| 650 | 4 | _aENFOQUE INTERDISCIPLINARIO | |
| 650 | 4 | _aTECNOLOGIA EDUCATIVA | |
| 653 | _aPROBLEMAS EDUCATIVOS | ||
| 653 | 0 | _aEDUCACION SUPERIOR | |
| 653 | _aCONGRESO PEDAGOGICO | ||
| 800 | 1 |
_aGómez de Mier, Eugenio _ecoordinador |
|
| 942 | _cBK | ||
| 998 | _cSILVI | ||
| 999 |
_c7390 _d7390 |
||